000 00280nam a2200109Ia 4500
008 220204s9999 xx 000 0 und d
082 _a301.15(540)
_bSRI
100 _aSrinivas, M N
245 0 _aDimensions of social change in India
260 _aBombay
_bAllied
_c1977
942 _cBK
999 _c27709
_d27709